Datum a čas kvízu

20.5 Celkem bodů Celkový počet nahraných bodů na tomto kvízu bez doplňovacích otázek.
8. Pořadí na kvízu Konečné umístění týmu na tomto kvízu.

Zaznamenané odpovědi

# Otázka Odpověď Body Výsledky
1. V pátek se dostala do prodeje... vlky 0
2. Jak se jmenuje politik, který... David Cameron 0
3. Který předmět pozemského původ... brašnu (s nářadím) 0
4. Který maloobchodní řetězec půs... Billa 0
5. Do kterého amerického města s... do Las Vegas 1
6. Na začátek tématu a otázky si... třetím 0
7. Rozlohou třetí největší africk... Malawi 0
8. Seřaďte africké ostrovy v pořa... 1A 2D 3B 4C 0
9. Jak se jmenuje počtem obyvatel... Lagos 0
10. Afrika se trhá, od zbytku se o... C 1